Qui a chanté cette chanson ? #3 - Statistiques

Statistiques générales
  • Ce quiz a été pris 176 fois
  • Le résultat moyen est 10 sur 15
Statistiques - réponses
Chansons Chanteurs % Correct
Tchikita Jul
91%
Spider Gims
81%
Macarena Damso
80%
La vie qu'on mène Ninho
79%
Scarface Booba
68%
Autobahn SCH
65%
Moulaga Heuss l'Enfoiré
64%
Zoo Kaaris
62%
Bolide Allemand SDM
62%
Fume à fond Lorenzo
60%
Joli bébé Naza
53%
Dans l'Espace Gambi
51%
Nanani Nanana Gazo
51%
Laboratoire Werenoi
48%
Mami Wata Tiakola
38%
Aucun quiz correspondant
Distribution des résultats
% des personnes avec chaque résultat
Percentile par nombre de réponses
Votre historique - résultats
Vous n’avez pas pris ce quiz